| 000 | 00859cam a2200265 a 4500 | ||
|---|---|---|---|
| 999 |
_c130584 _d130584 |
||
| 001 | 3296209 | ||
| 003 | ARRUPE | ||
| 005 | 20201029102647.0 | ||
| 008 | 830628s1984 nyu b 000 0 eng | ||
| 010 | _a 83014066 | ||
| 020 |
_a0385190735 : _c$12.95 |
||
| 040 |
_aDLC _cDLC _dDLC |
||
| 050 | 0 | 0 |
_aBX2350.2 _b.B6 1984 |
| 082 | 0 | 0 |
_a271/.3 _219 |
| 100 | 1 |
_aBodo, Murray. _94027 |
|
| 245 | 1 | 4 |
_aThe way of St. Francis : _bthe challenge of Franciscan spirituality for everyone / _cMurray Bodo. |
| 250 | _a1st ed. | ||
| 260 |
_aGarden City, N.Y. : _bDoubleday, _c1984. |
||
| 300 |
_ax, 180 p. ; _c22 cm. |
||
| 504 | _aIncludes bibliographical references. | ||
| 600 | 0 | 0 |
_aFrancis, _cof Assisi, Saint, _d1182-1226. _950088 |
| 650 | 0 |
_aSpiritual life _xCatholic Church. _950089 |
|
| 906 |
_a7 _bcbc _corignew _d1 _eocip _f19 _gy-gencatlg |
||
| 942 |
_2lcc _cMONOGRAPH |
||